Äthiopiens Nachbarstaaten - Statistiken

Allgemein
  • Dieses Quiz wurde 22 mal gespielt
  • Das Durchschnittsergebnis liegt bei 6 aus 6
Antwortstatistiken
Nachbarstaaten % Korrekt
Eritrea
100%
Somalia
100%
Sudan
100%
Kenia
95%
Südsudan
95%
Dschibuti
91%
Keine übereinstimmenden Quizze gefunden
Verteilung der Resultate
Anzahl Personen mit jedem Resultat
Perzentil nach korrekt beantworteten Fragen
Ihre Resultats-Entwicklung
Sie haben dieses Quiz noch nicht gespielt